College Physics: with an Integrated Approach to Forces and Kinematics (Record no. 1041)

MARC details
005 - DATE AND TIME OF LATEST TRANSACTION
control field 20250321134756.0
020 ## - INTERNATIONAL STANDARD BOOK NUMBER
International Standard Book Number 978-0-07-352911-0
082 ## - DEWEY DECIMAL CLASSIFICATION NUMBER
Classification number 530 GIA
100 ## - MAIN ENTRY--PERSONAL NAME
Author name GIAMBATTISTA, A.
245 ## - TITLE STATEMENT
Title College Physics: with an Integrated Approach to Forces and Kinematics
260 ## - PUBLICATION, DISTRIBUTION, ETC.
Place of publication, distribution, etc. Boston
Name of publisher, distributor, etc. McGraw-Hill Higher Education
Date of publication, distribution, etc. 2010
300 ## - PHYSICAL DESCRIPTION
Extent xxxii,1180p., ill., pictures, tables,
Other physical details Index,
Dimensions 29cm.
700 ## - ADDED ENTRY--PERSONAL NAME
Other authors/Editors RICHARDSON, B.M. & RICHARDSON,R.C.
856 ## - ELECTRONIC LOCATION AND ACCESS
Link text Access Online Book
Electronic name College Physics: with an Integrated Approach to Forces and Kinematics
Path www.e-mcat.com
942 ## - ADDED ENTRY ELEMENTS (KOHA)
Source of classification or shelving scheme Dewey Decimal Classification
Koha item type Books
Holdings
Date last seen Total checkouts Full call number Barcode Cost, replacement price Price effective from Koha item type Lost status Source of classification or shelving scheme Damaged status Not for loan Withdrawn status Home library Current library Shelving location Date acquired Cost, normal purchase price
03/21/2025   LM 530 GIA 0000003425 60000.00 03/21/2025 Books   Dewey Decimal Classification       College of Business Education Main Library College of Business Education Main Library General Collection 03/21/2025 20000.00
03/21/2025   LM 530 GIA 0000003426 60000.00 03/21/2025 Books   Dewey Decimal Classification       College of Business Education Main Library College of Business Education Main Library General Collection 03/21/2025 20000.00
03/21/2025   LM 530 GIA 0000003427 60000.00 03/21/2025 Books   Dewey Decimal Classification       College of Business Education Main Library College of Business Education Main Library General Collection 03/21/2025 20000.00
03/21/2025   LM 530 GIA 0000003428 60000.00 03/21/2025 Books   Dewey Decimal Classification       College of Business Education Main Library College of Business Education Main Library General Collection 03/21/2025 20000.00
03/21/2025   LM 530 GIA 0000003429 60000.00 03/21/2025 Books   Dewey Decimal Classification       College of Business Education Main Library College of Business Education Main Library General Collection 03/21/2025 20000.00
03/21/2025   LM 530 GIA 0000003430 60000.00 03/21/2025 Books   Dewey Decimal Classification       College of Business Education Main Library College of Business Education Main Library General Collection 03/21/2025 20000.00
03/21/2025   LM 530 GIA 0000003431 60000.00 03/21/2025 Books   Dewey Decimal Classification       College of Business Education Main Library College of Business Education Main Library General Collection 03/21/2025 20000.00
03/21/2025   LM 530 GIA 0000003432 60000.00 03/21/2025 Books   Dewey Decimal Classification       College of Business Education Main Library College of Business Education Main Library General Collection 03/21/2025 20000.00